Para olhar e olhar de novo (Record no. 189417)

MARC details
000 -LÍDER
campo de controle de tamanho fixo 00357 a2200169 4500
001 - NÚMERO DE CONTROLE
campo de controle 189417
020 ## - ISBN - INTERNATIONAL STANDARD BOOK NUMBER
ISBN - International Standard Book Number 85-16-04606-0
040 ## - FONTE DA CATALOGAÇÃO
Instituição que transcreveu o registro Magnum
100 ## - ENTRADA PRINCIPAL--NOME PESSOAL
Nome pessoal Pougy, Eliana
240 10 - TÍTULO UNIFORME
Título uniforme Para olhar e olhar de novo
Idioma da obra por
245 10 - TÍTULO
Título Para olhar e olhar de novo
300 ## - DESCRIÇÃO FÍSICA
Extensão 56
362 0# - DATAS DE PUBLICAÇÃO E/OU DESIGNAÇÃO SEQUENCIAL
Datas de publicação e/ou designação sequencial 2005
440 #1 - DECLARAÇÃO DE SÉRIE/ENTRADA ADICIONADA--TÍTULO
Título Moderna
697 ## - ENTRADA DE ASSUNTO LOCAL--ENTIDADE COLETIVA (RLIN)
Nome corporativo ou nome da jurisdição DESENHO
942 ## - ELEMENTOS DE ENTRADA ADICIONADOS (KOHA)
Tipo de material Koha Livros
Holdings
Situação do descarte Situação das perdas Situação física Não pode ser emprestado Biblioteca de origem Biblioteca atual Data de aquisição Total de empréstimos Número de chamada completo Código de barras Data de último acesso Data do preço efetivo Tipo de material Koha
        Magnum Magnum 08/06/2024   741.1 MAG00064419 08/06/2024 08/06/2024 Livros
        Magnum Magnum 08/06/2024   869.1.1682 MAG00073915 08/06/2024 08/06/2024 Livros